[Event "Friendship IM"]
[Site "Cartak CZE"]
[Date "2003.11.12"]
[Round "2"]
[White "Hasangatin,R"]
[Black "Cedikova,K"]
[Result "1-0"]
[WhiteElo "2501"]
[BlackElo "2201"]

1.e4 c5 2.Nf3 d6 3.Bb5+ Bd7 4.Bxd7+ Qxd7 5.c4 Nc6 6.Nc3 g6 7.d4 cxd4 8.Nxd4 Bg7
9.Nde2 Nf6 10.O-O O-O 11.f3 Rfc8 12.Bg5 h6 13.Bh4 Rab8 14.Kh1 Qe8 15.Rb1 Nd7
16.b3 a6 17.a4 Nc5 18.Qd2 a5 19.Nd5 b6 20.Rfd1 Rb7 21.Qe3 f5 22.exf5 gxf5
23.Ndc3 Qf7 24.Nb5 Rf8 25.f4 Rd7 26.Nec3 Nb4 27.Qf3 Rb8 28.h3 Qf8 29.Bf2 Ne6
30.Be3 Nc2 31.Bc1 Qf7 32.Qf2 Nb4 33.Be3 Rdb7 34.Qf3 Nc2 35.Bf2 Nb4 36.Rd2 Nc5
37.Be3 Bf8 38.Re2 Kh7 39.Bg1 Qf6 40.Bxc5 bxc5 41.Rbe1 Bg7 42.Re6 Qf7 43.Nd5 Nc2
44.R1e2 Rxb5 45.axb5 Nd4 46.Rxe7 Qg6 47.Qf2 Nxe2 48.Qxe2 Qg3 49.Nf6+  1-0

[Event "1st GM"]
[Site "Nagykanizsa HUN"]
[Date "2003.11.12"]
[Round "8"]
[White "Nevednichy,V"]
[Black "Balogh,C"]
[Result "1-0"]
[WhiteElo "2575"]
[BlackElo "2449"]

1.e4 c5 2.Nf3 d6 3.Bb5+ Bd7 4.Bxd7+ Nxd7 5.O-O Ngf6 6.Qe2 e6 7.c3 Be7 8.d4 cxd4
9.cxd4 d5 10.e5 Ne4 11.Ne1 f5 12.exf6 Bxf6 13.Nc3 Bxd4 14.Nxe4 dxe4 15.Qxe4 Nc5
16.Qc2 O-O 17.Nf3 Rxf3 18.gxf3 Qd5 19.Be3 e5 20.Bxd4 exd4 21.Rac1 Qg5+ 22.Kh1 Qf4
23.Qc4+ Kh8 24.Qd5 Nd3 25.Rc4 Qd2 26.Rxd4 Nxf2+ 27.Rxf2  1-0

[Event "7th BayEM"]
[Site "Bad Wiessee GER"]
[Date "2003.11.13"]
[Round "6"]
[White "Breder,D"]
[Black "Gavrikov,Vi"]
[Result "1/2-1/2"]
[WhiteElo "2458"]
[BlackElo "2560"]

1.e4 c5 2.Nf3 d6 3.Bb5+ Nc6 4.Bxc6+ bxc6 5.O-O e5 6.c3 f5 7.exf5 Bxf5 8.d4 cxd4
9.cxd4 e4 10.Qc2 Rc8 11.Bg5  1/2-1/2

[Event "7th BayEM"]
[Site "Bad Wiessee GER"]
[Date "2003.11.14"]
[Round "7"]
[White "Breder,D"]
[Black "Landa,K"]
[Result "1/2-1/2"]
[WhiteElo "2458"]
[BlackElo "2587"]

1.e4 c5 2.Nf3 d6 3.Bb5+ Bd7 4.Bxd7+ Qxd7 5.O-O Nf6 6.Qe2 Nc6 7.Rd1 g6 8.c3 Bg7
9.d4 cxd4 10.cxd4 O-O 11.d5  1/2-1/2

[Event "ch-IND A Women"]
[Site "Calicut IND"]
[Date "2003.11.16"]
[Round "11"]
[White "Meera,S"]
[Black "Koneru,C"]
[Result "0-1"]
[WhiteElo "2160"]
[BlackElo "2139"]

1.e4 c5 2.Nf3 d6 3.Bb5+ Nc6 4.O-O Bg4 5.h3 Bh5 6.c3 Qb6 7.Na3 e5 8.Re1 Nf6
9.Bf1 Be7 10.d3 O-O 11.Nc4 Qc7 12.Ne3 Rad8 13.g4 Bg6 14.Nh4 Qd7 15.Bg2 Ne8
16.Nhf5 Nc7 17.Qf3 Bf6 18.Qg3 Bg5 19.h4 Bf4 20.Qf3 f6 21.Nd5 Bxc1 22.Raxc1 Nxd5
23.exd5 Ne7 24.Nxe7+ Qxe7 25.h5 Be8 26.d4 Bd7 27.dxc5 dxc5 28.Qe4 Qd6 29.c4 Rde8
30.Bh3 f5 31.gxf5 Qf6 32.Rcd1 Qg5+ 33.Qg4 Rxf5 34.Kh1 Qxh5 35.Rd3 Qh6 36.Rg1 Re7
37.d6 Ref7  0-1

[Event "TCh-FIN 2003-4"]
[Site "Finland FIN"]
[Date "2003.11.16"]
[Round "5"]
[White "Taivainen,J"]
[Black "Pulkkinen,K"]
[Result "1/2-1/2"]
[WhiteElo "2258"]
[BlackElo "2314"]

1.e4 c5 2.Nf3 d6 3.Bb5+ Nd7 4.d4 Nf6 5.Nc3 cxd4 6.Qxd4 e5 7.Qd3 h6 8.Be3 Be7
9.h3 O-O 10.Bc4 a6 11.O-O-O Qc7 12.Nh4 Nc5 13.Bxc5 dxc5 14.Ng6 Re8 15.f4 b5
16.Nd5 Nxd5 17.Bxd5 Bb7 18.Nxe5 Bxd5 19.Qxd5 Bf6 20.Nd7 Qxf4+ 21.Kb1 Bd4
22.Nxc5 Bxc5 23.Qxc5 Qxe4 24.Qf2 Rac8  1/2-1/2

[Event "TCh-ESP Final"]
[Site "Sanxenxo ESP"]
[Date "2003.11.19"]
[Round "3"]
[White "Torrado Quintela,J"]
[Black "Lopez Martinez,J"]
[Result "1/2-1/2"]
[WhiteElo "2107"]
[BlackElo "2425"]

1.e4 c5 2.Nf3 d6 3.Bb5+ Nd7 4.O-O a6 5.Bc4 Ngf6 6.d3 g6 7.c3 Bg7 8.a4 O-O
9.Re1 Qc7 10.h3 b6 11.Bg5 h6 12.Be3 Bb7 13.Qb3 Bc6 14.Nbd2 Qb7 15.d4 cxd4
16.cxd4 d5 17.exd5 Nxd5 18.Ne5 Nxe5 19.dxe5 Nxe3 20.Rxe3 Bxg2 21.Rg3 Bc6
22.Rxg6 Kh8 23.Bxf7 Rad8 24.e6 Qc7 25.Qe3 Kh7 26.Rxg7+ Kxg7 27.Qc3+ Kh7 28.Qc2+ Kh8
29.Qc3+ Kh7  1/2-1/2

[Event "Claude Pecaut Mem"]
[Site "Taormina ITA"]
[Date "2003.11.19"]
[Round "5"]
[White "Carlsen,M"]
[Black "Ljubisavljevic,Z"]
[Result "1-0"]
[WhiteElo "2450"]
[BlackElo "2316"]

1.e4 c5 2.Nf3 d6 3.Bb5+ Bd7 4.Bxd7+ Qxd7 5.c4 e5 6.Nc3 Nc6 7.d3 g6 8.a3 h5
9.O-O Bh6 10.Be3 Kf8 11.b4 b6 12.Nd5 Kg7 13.Ng5 Bxg5 14.Bxg5 f6 15.Be3 Nge7
16.bxc5 dxc5 17.f4 exf4 18.Bxf4 Nxd5 19.cxd5 Ne5 20.Ra2 Rae8 21.h3 Rhf8 22.Raf2 Qe7
23.Qd2 g5 24.Bh2 c4 25.d4 Nd3 26.Re2 Kg6 27.Qe3 Qd7 28.d6 b5 29.h4 Qg4 30.hxg5 fxg5
31.Rxf8 Rxf8 32.e5 Qe6 33.Qe4+ Kh6 34.d5 Qf7 35.Qf3 Qg7 36.Qh3 h4 37.d7 Kh5
38.Bg3 Qf7 39.Kh2 Qf1 40.Re4 Nf4 41.Rxf4 gxf4 42.Qxh4+ Kg6 43.Qg4+ Kh7 44.Qh5+ Kg7
45.Bh4  1-0

[Event "TCh-SLO"]
[Site "Celje SLO"]
[Date "2003.11.20"]
[Round "5"]
[White "Barle,J"]
[Black "Podvrsnik,M"]
[Result "1-0"]
[WhiteElo "2370"]
[BlackElo "2207"]

1.e4 c5 2.Nf3 d6 3.Bb5+ Bd7 4.Bxd7+ Qxd7 5.O-O Nc6 6.c3 Nf6 7.d4 Nxe4 8.d5 Nb8
9.Re1 Nf6 10.Bg5 Na6 11.Qd3 O-O-O 12.b4 Kb8 13.b5 Nc7 14.c4 g6 15.b6 axb6
16.Nc3 Nfe8 17.Rab1 Na8 18.Nb5 Nec7 19.a4 Na6 20.Bd2 Bg7 21.a5 Bf6 22.axb6 Qf5
23.Qb3 Rd7 24.Ba5 Rc8 25.Na7 Rh8 26.h3 h5 27.h4 Rg8 28.Bd2 e5 29.dxe6 fxe6
30.Ng5 Bd4 31.Nf3 e5 32.Be3 Rf8 33.Nc6+ bxc6  1-0

[Event "Fakel Jamala"]
[Site "Noyabrsk RUS"]
[Date "2003.11.20"]
[Round "3"]
[White "Baklan,V"]
[Black "Kovchan,A"]
[Result "1-0"]
[WhiteElo "2600"]
[BlackElo "2561"]

1.e4 c5 2.Nf3 d6 3.Bb5+ Nc6 4.Bxc6+ bxc6 5.O-O Bg4 6.c3 e6 7.d4 Bxf3 8.Qxf3 d5
9.dxc5 Bxc5 10.Qg3 Bf8 11.c4 Nf6 12.Nc3 d4 13.e5 Nd7 14.Ne4 c5 15.Bf4 g6
16.Bg5 Qb6 17.Rab1 Rc8 18.Rfd1 Rc6 19.Bf6 Nxf6 20.Nxf6+ Kd8 21.Rd3 Kc8 22.Qf3 Qb7
23.b4 Rb6 24.Ne4 Be7 25.h3 Rf8 26.b5 Kb8 27.Rdb3 Qc7 28.Qg3 Rb7 29.Ra3 Rd8
30.Rbb3 Rb6 31.Ra6 Rd7 32.a4 Qc8 33.Qf3 Bf8 34.a5 Rbb7 35.Nd6 Bxd6 36.exd6 Qd8
37.b6 Qc8 38.bxa7+ Ka8 39.Rc6  1-0

[Event "13th WSen"]
[Site "Bad Zwischenahn GER"]
[Date "2003.11.21"]
[Round "5"]
[White "Boehnisch,M"]
[Black "Sanakoev,G"]
[Result "1/2-1/2"]
[WhiteElo "2375"]
[BlackElo "2313"]

1.e4 c5 2.Nf3 d6 3.Bb5+ Nc6 4.O-O Bd7 5.Re1 Nf6 6.Bxc6 Bxc6 7.e5 dxe5 8.Nxe5 Qd5
9.Nxc6 Qxc6 10.b3 e6 11.Bb2 Rd8 12.d3 Be7 13.Nd2 O-O 14.Nc4 Rfe8 15.Ne5 Qc7
16.Qf3 Bf8 17.c4 Bd6 18.Rad1 Re7 19.h4 Nd7 20.Ng4 h5 21.Ne3 Be5 22.d4 cxd4
23.Bxd4 Bxd4 24.Rxd4 Nf6 25.Rxd8+ Qxd8 26.Rd1 Rd7 27.Rxd7 Qxd7 28.Qf4 a6
29.a4 Qe7 30.Qd4 Qb4 31.Qd8+ Kh7 32.Qd3+ g6 33.Nc2 Qc5 34.Qf3 Qe7 35.b4 Ng4
36.Ne3 Nxe3 37.fxe3 Kg7 38.c5 a5 39.Qe4 axb4 40.Qxb4  1/2-1/2

[Event "Claude Pecaut Mem"]
[Site "Taormina ITA"]
[Date "2003.11.22"]
[Round "8"]
[White "Godena,M"]
[Black "Ortega,Le"]
[Result "1-0"]
[WhiteElo "2523"]
[BlackElo "2462"]

1.e4 c5 2.Nf3 d6 3.Bb5+ Nd7 4.d4 Nf6 5.O-O cxd4 6.Qxd4 e5 7.Qd3 h6 8.c4 Be7
9.c5 Qc7 10.cxd6 Bxd6 11.Nh4 g6 12.Nc3 Kf8 13.Rd1 Be7 14.Qg3 Nh5 15.Nxg6+ Kg7
16.Nd5 Qd6 17.Qa3 Qxd5 18.Rxd5 Bxa3 19.Nxh8  1-0

[Event "Bundesliga 2003-4"]
[Site "Baden Baden GER"]
[Date "2003.11.23"]
[Round "4"]
[White "Heinatz,T"]
[Black "Bromberger,S"]
[Result "1/2-1/2"]
[WhiteElo "2332"]
[BlackElo "2448"]

1.e4 c5 2.Nf3 d6 3.Bb5+ Nd7 4.c3 Nf6 5.d3 a6 6.Ba4 b5 7.Bc2 e5 8.O-O Bb7
9.Re1 g6 10.a4 Bg7 11.axb5 axb5 12.Rxa8 Bxa8 13.Na3 Qb8 14.d4 O-O 15.d5 c4
16.b3 cxb3 17.Bxb3 Rc8 18.Bd2 Qb6 19.Qe2 Nc5 20.Bc2 Rb8 21.h3 Qa5 22.Ra1 Bb7
23.Qe1 Qd8 24.Rb1 Ba6 25.Rb4 Qa5 26.Qc1 Bc8 27.Qb2  1/2-1/2

[Event "Open Bali A"]
[Site "Benidorm ESP"]
[Date "2003.11.24"]
[Round "5"]
[White "Straub,P"]
[Black "Pla Ferreres,I"]
[Result "1-0"]
[WhiteElo "2128"]
[BlackElo "2046"]

1.e4 c5 2.Nf3 d6 3.Bb5+ Bd7 4.Bxd7+ Nxd7 5.O-O g6 6.c3 Ngf6 7.d4 Bg7 8.e5 dxe5
9.dxe5 Ng4 10.e6 fxe6 11.Ng5 Ndf6 12.Qxd8+ Rxd8 13.Nxe6 Rc8 14.Nxg7+ Kf7
15.Re1 Kxg7 16.h3 Nh6 17.Rxe7+ Nf7 18.c4 Rhe8 19.Rxe8 Rxe8 20.Be3 b6 21.Nc3 Ne5
22.b3 Nc6 23.Rd1 Rd8 24.Rxd8 Nxd8 25.Kf1 Nc6 26.Ke2 Nd7 27.Nd5 Kf7 28.Kd3 Nf6
29.Bd2 Ke6 30.Nf4+ Kd6 31.Bc3 Ne5+ 32.Ke3 Nfd7 33.Nd5 b5 34.f4 Nf7 35.Ke4 bxc4
36.bxc4 Nb6 37.Ne3 Ke6 38.g4 Nd6+ 39.Kd3 Nd7 40.Bb2 Nf6 41.Bxf6 Kxf6 42.Nd5+ Ke6
43.Nc3 h6 44.Na4 Nb7 45.Ke3 Kf6 46.Ke4 Ke6 47.f5+ gxf5+ 48.gxf5+ Kd6 49.Nc3 a6
50.Nd5 Na5 51.Ne3 Nc6 52.Ng4 h5 53.Nf6 h4 54.Ne8+ Kd7 55.Nf6+ Kd6 56.Kf4 Na5
57.Ne4+ Ke7 58.Nxc5 Nxc4 59.Nxa6 Kf6 60.Nc5 Nd6  1-0

[Event "Gufeld Memorial"]
[Site "Burbank USA"]
[Date "2003.11.24"]
[Round "4"]
[White "Khachiyan,M"]
[Black "Yegiazarian,A"]
[Result "1/2-1/2"]
[WhiteElo "2464"]
[BlackElo "2521"]

1.e4 c5 2.Nf3 d6 3.Bb5+ Bd7 4.Bxd7+ Qxd7 5.O-O Nf6 6.Re1 Nc6 7.c3 e6 8.d4 cxd4
9.cxd4 d5 10.e5 Ne4 11.Nbd2 Nxd2 12.Bxd2 Be7 13.Rc1 O-O 14.Bg5 Bxg5 15.Nxg5 h6
16.Nf3 Rac8 17.Qd2 Ne7 18.h3 Rxc1 19.Rxc1 Rc8 20.Rxc8+  1/2-1/2

[Event "7th Cup GM"]
[Site "Paks HUN"]
[Date "2003.11.24"]
[Round "6"]
[White "Nevednichy,V"]
[Black "Pataki,G"]
[Result "1-0"]
[WhiteElo "2575"]
[BlackElo "2367"]

1.e4 c5 2.Nf3 d6 3.Bb5+ Nd7 4.d4 Nf6 5.Nc3 cxd4 6.Qxd4 a6 7.Bxd7+ Bxd7 8.Bg5 h6
9.Bxf6 gxf6 10.Nd5 Rc8 11.O-O-O Rg8 12.g3 Qa5 13.Kb1 Qc5 14.Qd3 Bg7 15.Nd4 e6
16.Ne3 Bf8 17.f4 b5 18.Rhe1 Be7 19.Qe2 a5 20.f5 a4 21.Nd5 Kd8 22.fxe6 fxe6
23.Nf4 Qe5 24.Qd2 Rc7 25.Nf3 Qc5 26.e5 fxe5 27.Nxe5 Bg5 28.Nf7+ Kc8 29.Nxd6+ Kb8
30.Ne4 Bxf4 31.gxf4 Qc6 32.Qf2 Bc8 33.Rd6 Qc4 34.Rb6+ Bb7 35.Nd6 Qb4 36.a3 Qa5
37.Rxb5 Qa6 38.Rxb7+ Rxb7 39.Nxb7 Kxb7 40.f5  1-0

[Event "Open Bali A"]
[Site "Benidorm ESP"]
[Date "2003.11.26"]
[Round "7"]
[White "Yanez Acin,G"]
[Black "Lopez Pereyra,A"]
[Result "1-0"]
[WhiteElo "2014"]
[BlackElo "2159"]

1.e4 c5 2.Nf3 d6 3.Bb5+ Nc6 4.O-O Bd7 5.c3 Nf6 6.Re1 e6 7.d4 cxd4 8.cxd4 a6
9.Bxc6 bxc6 10.Nc3 Be7 11.Qd3 Qc7 12.h3 e5 13.Bg5 O-O 14.Rac1 Rfe8 15.Bxf6 Bxf6
16.Nd5 Qd8 17.Nxf6+ gxf6 18.Red1 d5 19.Nd2 Rb8 20.Rc2 Kh8 21.dxe5 Rxe5 22.f4 Rh5
23.Qf3 Rh6 24.Nb3 Qb6+ 25.Qf2 Qb4 26.Rd4 Qe7 27.Nc5 Bc8 28.b4 a5 29.a3 axb4
30.Rxb4 Rxb4 31.axb4 dxe4 32.f5 Rh5 33.Re2 Bxf5 34.Qe1 Qa7 35.Kh2 Qa3 36.Re3 Qb2
37.Nxe4 Rh6 38.Nc5 Rg6 39.Re2 Qd4 40.Qf2 Qd6+ 41.Kh1 Qd5 42.Rd2 Qe5 43.Re2 Qa1+
44.Re1 Qc3 45.Re8+ Kg7 46.Qxf5 Qc1+ 47.Kh2 Qd2 48.Qf3 Qxb4 49.Ne4 c5 50.Ng3 f5
51.Nxf5+ Kf6 52.Nh4+  1-0

[Event "7th Cup GM"]
[Site "Paks HUN"]
[Date "2003.11.26"]
[Round "8"]
[White "Nevednichy,V"]
[Black "Taylor,T"]
[Result "1-0"]
[WhiteElo "2575"]
[BlackElo "2385"]

1.e4 c5 2.Nf3 d6 3.Bb5+ Bd7 4.Bxd7+ Qxd7 5.O-O Nc6 6.c3 Nf6 7.d4 cxd4 8.cxd4 e5
9.Nc3 Be7 10.d5 Nd8 11.a4 O-O 12.a5 h6 13.Nd2 Nh7 14.Qa4 Qg4 15.h3 Qh4 16.Nf3 Qf6
17.Qd7 Kh8 18.Be3 Rg8 19.a6 Nf8 20.Qc7 bxa6 21.Rxa6 g5 22.Nh2 h5 23.Rfa1 g4
24.hxg4 hxg4 25.Ne2 Ng6 26.Ng3 Nf4 27.Rxa7 Rxa7 28.Rxa7 Bf8 29.Ra8 Bh6 30.Nxg4 Qg5
31.f3 Qh4 32.Bf2 Nd3 33.Nf5 Qg5 34.Nfxh6 Qc1+ 35.Qxc1  1-0

[Event "TCh-AUT 2003-4"]
[Site "Graz AUT"]
[Date "2003.11.28"]
[Round "1"]
[White "Kindermann,S"]
[Black "Boensch,U"]
[Result "1-0"]
[WhiteElo "2542"]
[BlackElo "2545"]

1.e4 c5 2.Nf3 d6 3.Bb5+ Nd7 4.c3 a6 5.Ba4 Nf6 6.Qe2 Qc7 7.O-O c4 8.Bc2 e5
9.a4 Rb8 10.Na3 b5 11.axb5 axb5 12.d3 cxd3 13.Bxd3 b4 14.Nb5 Qd8 15.cxb4 Be7
16.Bg5 O-O 17.Rfc1 h6 18.Bxf6 Nxf6 19.Na7 Bb7 20.b5 Ra8 21.Nc6 Qd7 22.Ra3 Bd8
23.Rxa8 Bxa8 24.Nxd8 Qxd8 25.h3 Re8 26.Qc2 d5 27.Nd2 dxe4 28.Nxe4 Nd5 29.Bc4 Nf4
30.Rd1 Qe7 31.f3 Bxe4 32.fxe4 h5 33.Kh2 h4 34.Qf2 Rb8 35.Ra1 Rb7 36.Ra8+ Kh7
37.b3 Qg5 38.Bf1 Rc7 39.Bc4 Rb7 40.Qf3 Qf6 41.Qg4 g6 42.Qc8 Nh5 43.Qg8+ Kh6
44.Qh8+ Qxh8 45.Rxh8+ Kg5 46.Rc8 Ng3 47.Rc6 f5 48.exf5 gxf5 49.b6 Rd7 50.Kg1 Kf4
51.Kf2 Ne4+ 52.Ke1 Nc3 53.Ba6 Rd1+ 54.Kf2 Rd2+ 55.Kg1 Ne4 56.Kh2 Rd1 57.Rh6 Ng3
58.Rxh4+ Kg5 59.Kxg3 f4+ 60.Rxf4 exf4+ 61.Kf3 Rd6 62.b7 Rb6 63.Ke4 Rxb3 64.Kd5 f3
65.gxf3 Kf4 66.Kc5  1-0

[Event "TCh-AUT 2003-4"]
[Site "Graz AUT"]
[Date "2003.11.28"]
[Round "1"]
[White "Mahdi,K"]
[Black "Pilaj,H"]
[Result "1/2-1/2"]
[WhiteElo "2418"]
[BlackElo "2375"]

1.e4 c5 2.Nf3 d6 3.Bb5+ Bd7 4.Bxd7+ Qxd7 5.O-O Nc6 6.Re1 Nf6 7.b3 g6 8.Bb2 Bg7
9.c3 O-O 10.d4 cxd4 11.cxd4 d5 12.Ne5 Qc7 13.Nxc6 Qxc6 14.e5 Nd7 15.Nc3 e6
16.Qd2 b5 17.Nd1 Rfc8 18.Ne3 Bh6 19.Qe2 Bxe3 20.Qxe3 b4 21.Rec1 Qb7 22.h4 Rxc1+
23.Bxc1 Rc8 24.Qg5 Qb6 25.Be3 h5 26.Qe7 Nf8 27.Bh6 Nh7 28.Be3 a5 29.a3 bxa3
30.Qxa3 Rb8 31.Qxa5 Qxa5 32.Rxa5 Rxb3 33.Bh6 Rb8 34.Ra7 Rc8 35.f3 Rb8 36.Kf2 Rb2+
37.Ke3 Rb3+ 38.Kf4 Rb8 39.g4 hxg4 40.fxg4 Rc8 41.h5 gxh5 42.gxh5 Rb8 43.Ra3 Kh8
44.Ra7 Kg8 45.Kg4 Rc8 46.Kh4 Rb8 47.Ra3 Kh8 48.Rf3 Rb1 49.Rc3 Rb8 50.Bc1 Ra8
51.Ba3 Ra4 52.Rd3 Rc4  1/2-1/2

[Event "34th NCC"]
[Site "Philadelphia USA"]
[Date "2003.11.28"]
[Round "1"]
[White "Kaufman,La"]
[Black "Bendich,I"]
[Result "1-0"]
[WhiteElo "2391"]
[BlackElo "2172"]

1.e4 c5 2.Nf3 d6 3.Bb5+ Bd7 4.Bxd7+ Nxd7 5.c4 Ngf6 6.Nc3 g6 7.O-O Bg7 8.d3 O-O
9.Ng5 h6 10.Nh3 e5 11.g3 Ne8 12.f4 f5 13.Kh1 Kh7 14.Qe2 Nc7 15.exf5 gxf5
16.fxe5 dxe5 17.Qg2 Rb8 18.Be3 Qe8 19.g4 Qg6 20.gxf5 Rxf5 21.Qxg6+ Kxg6 22.Rxf5 Kxf5
23.Rg1 Bf8 24.Nf2 b5 25.b3 b4 26.Nce4 Rb6 27.Rf1 Kg6 28.Ng4 h5 29.Nxe5+ Nxe5
30.Rxf8 Nxd3 31.Nxc5 Nxc5 32.Bxc5 Ra6 33.Rf2 Ne6 34.Bxb4 Ng5 35.Re2 h4 36.Kg2 h3+
37.Kg3 Rf6 38.Be7  1-0

[Event "34th NCC"]
[Site "Philadelphia USA"]
[Date "2003.11.29"]
[Round "3"]
[White "Kaufman,La"]
[Black "Sherzer,A"]
[Result "1/2-1/2"]
[WhiteElo "2391"]
[BlackElo "2494"]

1.e4 c5 2.Nf3 d6 3.Bb5+ Nc6 4.O-O Nf6 5.e5 Ng4 6.exd6 Qxd6 7.h3 Nf6 8.d4 Bd7
9.dxc5 Qxc5 10.Nc3 e6 11.Be3 Qb4 12.a3 Qd6 13.Be2 a6 14.Nd2 Qc7 15.Nc4 Be7
16.Bb6 Qf4 17.Be3 Qc7 18.Bb6 Qf4 19.Be3  1/2-1/2

[Event "VIII Mirko Srajber Mem"]
[Site "Subotica SCG"]
[Date "2003.12.01"]
[Round "4"]
[White "Sanduleac,V"]
[Black "Colovic,A"]
[Result "1-0"]
[WhiteElo "2480"]
[BlackElo "2412"]

1.e4 c5 2.Nf3 d6 3.Bb5+ Bd7 4.Bxd7+ Qxd7 5.O-O Nf6 6.Qe2 Nc6 7.c3 e6 8.Rd1 Be7
9.d4 cxd4 10.cxd4 d5 11.e5 Ne4 12.Ne1 f6 13.exf6 Nxf6 14.Nf3 O-O 15.Ng5 Bd6
16.Nc3 Rae8 17.Be3 h6 18.Nf3 Qf7 19.h3 Bb8 20.Rac1 Qh5 21.Ne5 Qxe2 22.Nxe2 Nxe5
23.dxe5 Bxe5 24.Bxa7 Ra8 25.Bd4 Bd6 26.a3 Rac8 27.f3 e5 28.Bf2 Kf7 29.Re1 g5
30.g4 d4 31.Ng3 Rxc1 32.Rxc1 Ke6 33.Nf5 h5 34.Bg3 hxg4 35.hxg4 Nh5 36.Kf2 Nf4
37.Bxf4 gxf4 38.Rh1 Bc5 39.Ke2 e4 40.fxe4 Ke5 41.Kd3 f3 42.Rf1 Kf4 43.g5 Rg8
44.g6 Rxg6 45.b4 Ba7 46.Rxf3+ Ke5 47.Nxd4 Bxd4 48.Rf5+ Ke6 49.Kxd4 Rg3 50.a4 Kd6
51.Rc5 Rg1 52.a5 Re1 53.e5+ Kd7 54.Kc4 Rh1 55.Rd5+ Kc7 56.Rd4 Rb1 57.Kd5 Kd7
58.Re4 Rc1 59.Rh4 Rd1+ 60.Kc5 Re1 61.Kb6 Rxe5 62.Kxb7 Rb5+ 63.Ka6 Rb8 64.b5 Ra8+
65.Kb6 Rb8+ 66.Kc5 Rc8+ 67.Kb4 Rc1 68.a6 Ra1 69.Rc4 Kd6 70.Rc8 Kd7 71.Rc6 Ra2
72.Kc5  1-0

[Event "VIII Mirko Srajber Mem"]
[Site "Subotica SCG"]
[Date "2003.12.03"]
[Round "6"]
[White "Sanduleac,V"]
[Black "Lupulescu,C"]
[Result "1-0"]
[WhiteElo "2480"]
[BlackElo "2499"]

1.e4 c5 2.Nf3 d6 3.Bb5+ Nd7 4.O-O Nf6 5.Re1 a6 6.Bf1 b6 7.c4 Bb7 8.Nc3 Ne5
9.d3 e6 10.a3 Be7 11.Rb1 Nfd7 12.Nxe5 dxe5 13.Be3 a5 14.Qg4 O-O 15.Bh6 Bf6
16.b4 axb4 17.axb4 cxb4 18.Rxb4 Nc5 19.Rbb1 Kh8 20.Be3 Be7 21.Qe2 f5 22.f3 Bc6
23.Bf2 Ra3 24.Qc2 Qc7 25.exf5 exf5 26.Nd5 Bxd5 27.cxd5 Bd6 28.h3 Ra4 29.Rec1 Qd8
30.Kh1 Rf4 31.Be3 Rh4 32.Qf2 f4 33.Bd2 Na4 34.Rc4 Nc5 35.Bc3 Nd7 36.Rc6 Rh6
37.Qb2 Qg5 38.Bb4 Qe7 39.Qa3 Bxb4 40.Qxb4 Qxb4 41.Rxb4 Rhf6 42.Be2 Kg8 43.Kg1 Kf7
44.d4 Ke7 45.dxe5 Nxe5 46.Rc7+ Nd7 47.Bb5 Rd8 48.Ra7 g5 49.Kf2 h6 50.Bc6 Kd6
51.Bxd7 Rxd7 52.Rxb6+ Ke5 53.Rxf6 Rxa7 54.Rxh6 Ra2+ 55.Kg1 Rd2 56.d6 Kf5
57.Kf1 Ke5 58.Rg6 Kf5 59.Ke1 Rd4 60.Rh6 Ke5 61.Rh5 Kf6 62.h4 gxh4 63.Rxh4 Ke5
64.g3 Rxd6 65.Rxf4 Ra6 66.Re4+ Kf5 67.Kf2  1-0

[Event "VIII Mirko Srajber Mem"]
[Site "Subotica SCG"]
[Date "2003.12.04"]
[Round "7"]
[White "Lupulescu,C"]
[Black "Colovic,A"]
[Result "1/2-1/2"]
[WhiteElo "2499"]
[BlackElo "2412"]

1.e4 c5 2.Nf3 d6 3.Bb5+ Bd7 4.Bxd7+ Qxd7 5.c4 Nf6 6.Nc3 g6 7.O-O Bg7 8.d4 cxd4
9.Nxd4 O-O 10.f3 Rc8 11.b3 d5 12.exd5 Nxd5 13.Nxd5 e6 14.Bh6 exd5 15.Bxg7 Kxg7
16.Nb5 dxc4 17.Nd6 Rd8 18.Nxb7 Qxd1 19.Rfxd1 Rxd1+ 20.Rxd1 cxb3 21.axb3 Nc6
22.Rd7 a5 23.Rd6 Rc8  1/2-1/2

[Event "33rd Rilton Cup"]
[Site "Stockholm SWE"]
[Date "2003.12.05"]
[Round "9"]
[White "Fontaine,R"]
[Black "De Firmian,N"]
[Result "1/2-1/2"]
[WhiteElo "2526"]
[BlackElo "2553"]

1.e4 c5 2.Nf3 d6 3.Bb5+ Bd7 4.Bxd7+ Nxd7 5.O-O Ngf6 6.Qe2 e6 7.b3 Be7 8.Bb2 O-O
9.c4 a6 10.d4 cxd4 11.Nxd4 Rc8 12.Nc3 Re8 13.Rad1 Qc7 14.Kh1 Bf8 15.f4 h6
16.Nf3 Red8 17.e5 dxe5 18.fxe5 Ne8 19.Ne4 Nc5 20.Ng3 Rxd1 21.Rxd1 Rd8 22.Bd4 a5
23.Rd2 Rd7 24.Bc3 Rxd2 25.Qxd2 b6 26.Qd4 Qd7 27.Nd2 Qxd4 28.Bxd4 f5 29.exf6 gxf6
30.Nge4 f5 31.Nxc5 Bxc5 32.Bxc5 bxc5 33.Nf3 Kg7 34.Ne5 Nd6 35.g3 Nb7 36.Kg2 Kf6
37.Nd7+ Ke7 38.Ne5 Kf6 39.Nd7+  1/2-1/2

[Event "TCh-CZE Extraliga 2003-4"]
[Site "Czech Rep CZE"]
[Date "2003.12.06"]
[Round "3"]
[White "Haba,P"]
[Black "Jakubiec,A"]
[Result "1/2-1/2"]
[WhiteElo "2524"]
[BlackElo "2538"]

1.e4 c5 2.Nf3 d6 3.Bb5+ Bd7 4.Bxd7+ Nxd7 5.O-O Ngf6 6.Qe2 e6 7.c3 Be7 8.d4 O-O
9.e5 Nd5 10.c4 Nb4 11.exd6 Bxd6 12.Nc3 cxd4 13.Nxd4 Qb8 14.h3 Be5 15.Rd1 Nf6
16.Be3 Rc8 17.Rac1 h6 18.Nf3 Nc6 19.Nb5 Bc7 20.b3 a6 21.Nxc7 Qxc7 22.Nd4 Rd8
23.Qf3 Nxd4 24.Bxd4 e5 25.Be3 e4 26.Qf4 Qc6 27.Bd4 Rd6 28.Bxf6 Rxf6 29.Qe3 Rf5
30.Rd4 Re8 31.Rcd1 Re6 32.Rd5 Rff6 33.Rc5 Qe8 34.Rc7 Re7 35.Rxe7 Qxe7 36.c5 Re6
37.Rd5 Kh7 38.b4 Qe8 39.a3 Qc6 40.Qd4 e3 41.Qd3+ g6 42.fxe3 Rxe3 43.Qxe3 Qxd5
44.Qc3 Qc6 45.Kf2 h5 46.h4 Qd7 47.g3 Kg8 48.Ke3 Qd5 49.Qd4 Qa2 50.Qd3 Qb2
51.Ke4 Qf6 52.Qf3 Qc6+ 53.Ke3 Qd7 54.Qe4 Qc7 55.Kf3 Qd7 56.Ke3 Qc7 57.Kf3 Qd7
58.Ke3  1/2-1/2

[Event "22nd SEA Games Team Standard"]
[Site "Ho Chi Minh City VIE"]
[Date "2003.12.07"]
[Round "2"]
[White "Zaw Win Lay"]
[Black "Dao Thien Hai"]
[Result "0-1"]
[WhiteElo "2497"]
[BlackElo "2590"]

1.e4 c5 2.Nf3 d6 3.Bb5+ Nd7 4.c3 Nf6 5.Qe2 a6 6.Ba4 e5 7.O-O Be7 8.d4 O-O
9.dxe5 dxe5 10.Rd1 Qc7 11.Nbd2 b5 12.Bc2 Bb7 13.a4 c4 14.Nf1 Nc5 15.Ng3 g6
16.Bh6 Rfd8 17.Rxd8+ Rxd8 18.axb5 axb5 19.h3 Ne6 20.Rd1 Ra8 21.Be3 Nd7 22.Nh2 h5
23.f3 Ndc5 24.Ngf1 Nf4 25.Bxf4 exf4 26.Kh1 Nd7 27.Qd2 Bc6 28.b3 Ra2 29.bxc4 bxc4
30.Qc1 Bf6 31.Bb1 Ra8 32.Nd2 Ne5 33.Ndf1 Nd7 34.Nd2 Ne5 35.Ndf1 Nd7 36.Qd2 Be5
37.Rc1 Ra3 38.Qe2 Nb6 39.Qb2 Rb3 40.Qd2 Na4 41.Qe2 Nxc3 42.Qxc4 Rxb1 43.Rxc3 Bxc3
44.Qxc3 Qb6 45.Qf6  0-1

[Event "22nd SEA Games Team Standard"]
[Site "Ho Chi Minh City VIE"]
[Date "2003.12.07"]
[Round "3"]
[White "Antonio,R"]
[Black "Jiravorasuk,B"]
[Result "1-0"]
[WhiteElo "2521"]
[BlackElo "2276"]

1.e4 c5 2.Nf3 d6 3.Bb5+ Bd7 4.Bxd7+ Qxd7 5.O-O Nc6 6.c3 g6 7.d4 cxd4 8.cxd4 Bg7
9.Nc3 e5 10.dxe5 Nxe5 11.Nxe5 Bxe5 12.Nd5 Ne7 13.Bh6 Nxd5 14.Qxd5 O-O-O 15.Be3 Kb8
16.Rfd1 Qc6 17.Qd3 f5 18.f4 Bxb2 19.Rab1 fxe4 20.Qb3 Bf6 21.Rdc1 Qa6 22.Rc4 Rd7
23.Rxe4 d5 24.Ra4 Qe6 25.Bxa7+ Kc8 26.Bb6 Rd6 27.Bc7 b6 28.Bxd6  1-0

[Event "VIII Mirko Srajber Mem"]
[Site "Subotica SCG"]
[Date "2003.12.07"]
[Round "10"]
[White "Sanduleac,V"]
[Black "Ilincic,Z"]
[Result "1/2-1/2"]
[WhiteElo "2480"]
[BlackElo "2564"]

1.e4 c5 2.Nf3 d6 3.Bb5+ Bd7 4.Bxd7+ Qxd7 5.O-O Nc6 6.c3 Nf6 7.Qe2 e5 8.Rd1 Be7
9.d4 Qg4 10.dxc5 dxc5 11.Re1 O-O-O 12.Nbd2 Nh5 13.Nc4 f6 14.a4 Rd7 15.a5 Rhd8
16.Nd4 Qxe2 17.Nxe2 Rd1 18.Be3 Rxe1+ 19.Rxe1 g6 20.Nc1 Ng7 21.Kf1 Ne6 22.f3 Kc7
23.Nb3 b5 24.axb6+ axb6 25.Na3 Na7 26.Ra1 Kb7 27.Ke2 Bf8 28.g3 Rd7 29.Nc4 Nc6
30.Nc1 Be7 31.Nd3 Bd8 32.Nc1 b5 33.Na3 Na7 34.Nd3 Bb6 35.Nc2 Nc6 36.b3 Na5
37.b4 Nb3 38.Rd1 c4 39.Nb2 Rxd1 40.Nxd1 Ned4+ 41.cxd4 exd4 42.Bxd4 Nxd4+
43.Nxd4 Bxd4 44.Ne3 Bxe3 45.Kxe3 g5 46.h3 Kc6 47.Kd4 h5 48.h4 gxh4 49.gxh4 f5
50.e5 f4 51.Ke4 c3 52.Kd3 Kd5 53.Kxc3 Kxe5 54.Kd3 Kd5 55.Kc3  1/2-1/2

[Event "TCh-BEL 2003-4"]
[Site "Belgium BEL"]
[Date "2003.12.08"]
[Round "4"]
[White "Goossens,E"]
[Black "Le Quang,K"]
[Result "0-1"]
[WhiteElo "2234"]
[BlackElo "2268"]

1.e4 c5 2.Nf3 d6 3.Bb5+ Bd7 4.Bxd7+ Qxd7 5.c4 Nc6 6.Nc3 g6 7.d4 cxd4 8.Nxd4 Bg7
9.Nde2 Nf6 10.f3 O-O 11.O-O a6 12.a4 Qd8 13.Be3 Qa5 14.Rb1 Nd7 15.Nd5 e6
16.b4 Qd8 17.Ndc3 Nce5 18.c5 dxc5 19.bxc5 Qc7 20.Qd6 Rfc8 21.Rfc1 Bf8 22.Qxc7 Rxc7
23.f4 Nd3 24.Rd1 N7xc5 25.f5 Bg7 26.fxe6 fxe6 27.Rb6 Rac8 28.g3 Be5 29.Bd4 Bxd4+
30.Nxd4 Rd7 31.Nxe6 Nxe6 32.Nd5 Rxd5 33.exd5 Nec5 34.a5 Rd8 35.d6 Rd7 36.Rd2 Kf7
37.Re2 h5 38.Kg2 Ne6 39.Re4 Kf6 40.Rb3 Nec5 41.Re7 Rxd6  0-1

[Event "22nd SEA Games Standard"]
[Site "Ho Chi Minh City VIE"]
[Date "2003.12.08"]
[Round "1"]
[White "Mok Tze Meng"]
[Black "Paragua,M"]
[Result "0-1"]
[WhiteElo "2329"]
[BlackElo "2500"]

1.e4 c5 2.Nf3 d6 3.Bb5+ Nc6 4.Bxc6+ bxc6 5.d3 g6 6.O-O Bg7 7.Re1 e5 8.Nbd2 Ne7
9.Nc4 O-O 10.Bd2 f5 11.h3 h6 12.Qe2 Be6 13.b3 g5 14.Nh2 Qd7 15.f3 Ng6 16.Rab1 Rae8
17.Qf2 d5 18.Na5 fxe4 19.dxe4 dxe4 20.Rxe4 Bd5 21.Rbe1 Bxe4 22.Rxe4 Nf4  0-1